| 000 | 00983cam a22002777a 4500 | ||
|---|---|---|---|
| 999 |
_c12731 _d12731 |
||
| 003 | EG-ScBUE | ||
| 005 | 20200122111007.0 | ||
| 008 | 090817s2003 ua f 000 p ara d | ||
| 020 | _a9773056139 | ||
| 040 |
_aEG-ScBUE _bara _erda _cEG-ScBUE _dEG-ScBUE |
||
| 082 | 0 | 4 |
_a892.717 _bح م ي _222 |
| 100 | 1 |
_aعبد الحميد، بكري، _eمؤلف. _98747 |
|
| 245 | 1 | 2 |
_aالموت حليف الأوليا : _bشعر / _cبكري عبد الحميد. |
| 250 | _aالطبعة الأولى. | ||
| 264 | 1 |
_aالقاهرة : _bالهيئة العامة لقصور الثقافة، _c2003. |
|
| 300 |
_a104 صفحة ؛ _c22 سم. |
||
| 336 |
_2rdacontent _aنص _btxt |
||
| 337 |
_2rdamedia _aبدون وسيط _bn |
||
| 338 |
_2rdacarrier _aمجلد _bnc |
||
| 490 | 0 |
_aإبداعات ؛ _v203 |
|
| 590 | _aAsmaa mohamed | ||
| 650 | 7 |
_aالشعر العربي _xدواوين وقصائد. _2BUEsh _97996 |
|
| 653 |
_bARALIT _cJanuary2020 |
||
| 655 | _vReading book | ||
| 942 |
_2ddc _cBB |
||